[Event "Xtracon Chess Open 2018"]
[Site "Elsinore"]
[Date "2018.07.25"]
[Round "6"]
[White "Roseneck, Jonas"]
[Black "Notkevich, Benjamin Arvola"]
[Result "0-1"]
[WhiteElo "2182"]
[BlackElo "2471"]
[EventDate "2018.07.21"]
[WhiteFideId "12939870"]
[BlackFideId "1506536"]

1.e4 c5 2.Nf3 d6 3.d4 cxd4 4.Nxd4 Nf6 5.Nc3 Nc6 6.f3 g6 7.Be3 Bg7 8.Qd2 
O-O 9.O-O-O d5 10.Qe1 e5 11.Nxc6 bxc6 12.exd5 Nxd5 13.Bc4 Be6 14.Ne4 Qc7 
15.Bc5 Rfd8 16.Qh4 h6 17.g4 Qa5 18.Rd3 Nf4 19.Ra3 Qc7 20.Bxe6 Nxe6 21.Be3 
Nf4 22.Qf2 Qb7 23.Qf1 a5 24.Qc4 Qb5 25.Qxb5 cxb5 26.Bb6 Rdc8 27.Rxa5 Ne2+ 
28.Kd2 Rxa5 29.Bxa5 Nd4 30.c3 Nxf3+ 31.Ke2 Nh4 32.Rd1 Rc4 33.Nf2 Ng2 34.b3
Nf4+ 35.Kf3 Rc6 36.Rd8+ Kh7 37.Rb8 Nd5 38.Rxb5 Nxc3 39.Rb7 f5 40.Bb4 e4+ 
41.Kg2 Kg8 42.Rb8+ Kf7 43.Rb7+ Kf6 44.Bxc3+ Rxc3 45.h4 Rc2 46.Kf1 Bf8 47.
Rb6+ Kf7 48.Rb7+ Ke6 49.h5 Bc5 50.Nh3 gxh5 51.gxh5 Be3 52.Rb4 Rh2 0-1

[Event "Xtracon Chess Open 2018"]
[Site "Elsinore"]
[Date "2018.07.25"]
[Round "6"]
[White "Grigorov, Grigor"]
[Black "Song, Edward"]
[Result "1/2-1/2"]
[WhiteElo "2506"]
[BlackElo "2275"]
[EventDate "2018.07.21"]
[WhiteFideId "2907313"]
[BlackFideId "2051192"]

1.d4 Nf6 2.c4 e6 3.Nf3 d5 4.e3 Be7 5.b3 O-O 6.Bd3 c5 7.O-O cxd4 8.exd4 b6 
9.Bb2 Bb7 10.Qe2 Nbd7 11.Nc3 Rc8 12.Rfe1 Qc7 13.Nb5 Qb8 14.Ne5 Rcd8 15.f4 
a6 16.Nc3 dxc4 17.bxc4 b5 18.cxb5 axb5 19.Nxb5 Nxe5 20.fxe5 Nd5 21.Rf1 Ba6
22.a4 Qb6 23.Kh1 Nb4 24.Be4 Rb8 25.Qh5 g6 26.Qh6 Qd8 27.Ra3 1/2-1/2

[Event "Xtracon Chess Open 2018"]
[Site "Elsinore"]
[Date "2018.07.25"]
[Round "6"]
[White "Nilsson, Patrik 1978"]
[Black "Antonsen, Mikkel"]
[Result "0-1"]
[WhiteElo "2229"]
[BlackElo "2452"]
[EventDate "2018.07.21"]
[WhiteFideId "1708171"]
[BlackFideId "1401378"]

1.e4 e5 2.Nf3 Nc6 3.Bc4 Bc5 4.c3 Nf6 5.d4 exd4 6.e5 d5 7.Bb5 Ne4 8.cxd4 
Bb6 9.Nc3 O-O 10.Be3 Bg4 11.h3 Bh5 12.O-O f5 13.exf6 Nxf6 14.g4 Nxg4 15.
hxg4 Bxg4 16.Be2 Qd6 17.Re1 Rae8 18.Ne5 Bxe2 19.Rxe2 Nxe5 20.dxe5 Rxe5 21.
Qd3 Rh5 22.f4 Qh6 0-1

[Event "Xtracon Chess Open 2018"]
[Site "Elsinore"]
[Date "2018.07.25"]
[Round "6"]
[White "Salles, Louis"]
[Black "Ni, Shiqun"]
[Result "1-0"]
[WhiteElo "2227"]
[BlackElo "2435"]
[EventDate "2018.07.21"]
[WhiteFideId "20641826"]
[BlackFideId "8608466"]

1.Nf3 d5 2.c4 d4 3.b4 f6 4.e3 e5 5.c5 a5 6.Qa4+ Bd7 7.b5 dxe3 8.fxe3 Bxc5 
9.Bc4 Nh6 10.Nc3 Bf5 11.Nd5 Nd7 12.O-O Nb6 13.Nxb6 Bxb6 14.Ba3 Qd7 15.Qb3 
Bg6 16.d4 Bf7 17.Nxe5 Bxc4 18.Nxc4 Nf5 19.Rac1 Ne7 20.Rf4 a4 21.Qb4 Nd5 
22.Re4+ Kf7 23.Ne5+ fxe5 24.Rf1+ Kg6 25.Qb1 Nc3 26.Qc2 Nxe4 27.Qxe4+ Kh6 
28.Qh4+ Kg6 29.Be7 h5 30.Qg5+ Kh7 31.Rf7 1-0

[Event "Xtracon Chess Open 2018"]
[Site "Elsinore"]
[Date "2018.07.25"]
[Round "6"]
[White "Carlstedt, Jonathan"]
[Black "Laustsen, Lars"]
[Result "0-1"]
[WhiteElo "2425"]
[BlackElo "2219"]
[EventDate "2018.07.21"]
[WhiteFideId "24614386"]
[BlackFideId "1407554"]

1.d4 d5 2.Bf4 Nf6 3.e3 c5 4.c3 Nc6 5.Nd2 Bf5 6.Ngf3 e6 7.Qb3 Qc8 8.h3 Be7 
9.Be2 h6 10.g4 g5 11.Bg3 Bg6 12.Ne5 Nxe5 13.Bxe5 O-O 14.h4 Nd7 15.Bg3 c4 
16.Qd1 b5 17.a3 a5 18.f4 Bd6 19.O-O Qc7 20.Kg2 b4 21.Qe1 bxc3 22.bxc3 Bh7 
23.Ra2 Rab8 24.hxg5 hxg5 25.Rh1 gxf4 26.Bxf4 f6 27.Qg3 e5 28.Qh4 Rf7 29.
Bg3 Rb3 30.g5 fxg5 31.Qh6 Rb6 32.Bh5 Rg7 33.Qe6+ Kh8 34.Qxd5 exd4 35.Bxd6 
Rxd6 36.Qxc4 Rc6 37.Qxd4 Rd6 38.Qg4 Nf6 39.Qg3 Rxd2+ 40.Rxd2 Qxg3+ 41.Kxg3
Ne4+ 42.Kg4 Nxd2 43.Rd1 Ne4 44.Rd8+ Bg8 45.Kf3 Nxc3 46.Rc8 Nd5 47.Ra8 Re7 
48.Rxa5 Rxe3+ 49.Kf2 Re5 50.a4 Kg7 51.Rc5 Nf4 52.Rxe5 Nd3+ 53.Ke3 Nxe5 54.
Ke4 Kf6 55.a5 Bc4 56.Be8 Ke6 57.Ke3 Kd6 58.Ke4 Bd3+ 59.Ke3 Kc5 60.Bh5 Bg6 
61.Be2 Nc6 62.a6 Bf5 63.Bf1 Kb6 64.Be2 Kc5 65.Bf1 Kd6 66.Be2 Ke5 67.Bf3 
Bd7 68.Be2 Na7 69.Kf3 Bb5 70.Kg4 Kf6 71.Bd1 Bxa6 72.Bc2 Nc6 73.Kg3 Bc8 74.
Bd3 Ke5 75.Bc2 Kd4 76.Bb1 Ke3 77.Bc2 Nd4 78.Ba4 Ne2+ 79.Kg2 g4 80.Bc6 Bf5 
81.Kf1 g3 82.Bb7 Bh3+ 83.Ke1 g2 84.Bxg2 Bxg2 85.Kd1 Be4 86.Ke1 Bc2 87.Kf1 
Nf4 88.Ke1 Ng2+ 89.Kf1 Kf3 90.Kg1 Kg3 91.Kf1 Bd3+ 92.Kg1 Nf4 93.Kh1 Be2 
94.Kg1 Nh3+ 95.Kh1 Bf3# 0-1

[Event "Xtracon Chess Open 2018"]
[Site "Elsinore"]
[Date "2018.07.25"]
[Round "6"]
[White "Bekker-Jensen, David"]
[Black "Raghunandan, Kaumandur Srihari"]
[Result "1/2-1/2"]
[WhiteElo "2200"]
[BlackElo "2417"]
[EventDate "2018.07.21"]
[WhiteFideId "1403095"]
[BlackFideId "25004964"]

1.d4 d6 2.Nf3 g6 3.g3 Bg7 4.Bg2 c5 5.O-O cxd4 6.Nxd4 Qb6 7.Nb3 Nf6 8.a4 
Nc6 9.Nc3 Qd8 10.a5 a6 11.Be3 Be6 12.Na4 Rb8 13.Nd4 Nxd4 14.Bxd4 Qxa5 15.
Ba7 Qc7 16.Bxb8 Qxb8 17.Nb6 O-O 18.e4 Qc7 19.Nd5 Bxd5 20.exd5 Nd7 21.c3 
Ne5 22.Qe2 Bf6 23.h4 h5 24.Bh3 Qc5 25.Rfd1 Ra8 26.Ra4 b5 27.Re4 a5 28.Kh1 
a4 29.Rb4 Nc4 30.Bd7 Ra5 31.Kg1 a3 32.bxa3 Bxc3 33.Rb3 Be5 34.g4 hxg4 35.
Qxg4 Bf6 36.h5 Ne5 37.Qh3 Qc2 38.Rdb1 Rxa3 39.hxg6 Qxg6+ 40.Kh1 Nd3 41.Qg2
Qxg2+ 42.Kxg2 b4 43.Rxb4 Nxb4 44.Rxb4 Rd3 45.Bc6 Bd4 46.Rb1 Rd2 47.Rf1 Kg7
48.Kg3 Kf6 49.f4 Kf5 50.Be8 f6 51.Bh5 Rd3+ 52.Bf3 Be3 53.Bg4+ Ke4 54.Bf3+ 
Kf5 55.Bg4+ Kg6 56.Be6 f5 57.Rf3 Kf6 58.Kh3 Rc3 59.Kg3 Rb3 60.Kh3 Ra3 61.
Kg3 Kg6 62.Kh3 Kf6 63.Kg3 Rc3 64.Kh3 Rd3 65.Kg3 Kg6 66.Kh3 1/2-1/2

[Event "Xtracon Chess Open 2018"]
[Site "Elsinore"]
[Date "2018.07.25"]
[Round "6"]
[White "Jepson, Christian"]
[Black "Lund, Gunnar"]
[Result "1/2-1/2"]
[WhiteElo "2410"]
[BlackElo "2216"]
[EventDate "2018.07.21"]
[WhiteFideId "1701185"]
[BlackFideId "1520814"]

1.Nf3 Nf6 2.c4 e6 3.d4 d5 4.g3 Be7 5.Bg2 O-O 6.O-O dxc4 7.Qc2 a6 8.a4 Bd7 
9.Qxc4 Bc6 10.Bg5 Nbd7 11.Nc3 h6 12.Bxf6 Nxf6 13.e3 Bd6 14.Rfe1 Ne4 15.Ne5
Bxe5 16.Bxe4 Bxe4 17.Nxe4 Bd6 18.Rac1 c6 19.Qb3 Rb8 20.Red1 Qe7 21.Qb6 
Rfd8 22.Nxd6 Rxd6 23.Rc5 Rbd8 24.Rdc1 Rd5 25.Rxd5 Rxd5 26.Rc5 f6 27.Rxd5 
exd5 28.b4 Kh7 29.b5 axb5 30.axb5 Qb4 31.Qxb7 Qb1+ 32.Kg2 Qe4+ 33.Kg1 Qb1+
34.Kg2 Qe4+ 35.Kg1 Qb1+ 1/2-1/2

[Event "Xtracon Chess Open 2018"]
[Site "Elsinore"]
[Date "2018.07.25"]
[Round "6"]
[White "Grove, Peter"]
[Black "Lindgren, Philip"]
[Result "0-1"]
[WhiteElo "2202"]
[BlackElo "2394"]
[EventDate "2018.07.21"]
[WhiteFideId "1411101"]
[BlackFideId "1713230"]

1.c4 Nf6 2.Nf3 e6 3.g3 d5 4.Bg2 dxc4 5.O-O c5 6.Qa4+ Bd7 7.Qxc4 Bc6 8.d3 
Be7 9.Qc2 O-O 10.Nc3 b5 11.a4 b4 12.Nd1 Nbd7 13.b3 Qc7 14.e4 Rac8 15.Nb2 
Rfd8 16.Nc4 a5 17.h3 Qa7 18.Be3 Bb7 19.Rfd1 Nb6 20.Nxb6 Qxb6 21.Rac1 Nd7 
22.Nd2 Qa6 23.f4 Nb8 24.Nf3 Nc6 25.Ne5 Nd4 26.Bxd4 Rxd4 27.Bf1 Qb6 28.Nc4 
Qc7 29.Qf2 Rcd8 30.Rd2 Bf6 31.Kh2 g6 32.Rcd1 e5 33.Re1 Bg7 34.f5 Bh6 35.
Rc2 Ba6 36.Nb2 Bg5 37.Be2 h5 38.h4 Bh6 39.fxg6 fxg6 40.Qf6 R4d6 41.Qxe5 
Qf7 42.Rf1 Qxb3 43.Qxc5 Be3 44.Qxe3 Qxc2 45.Nc4 Rxd3 46.Qg5 Qxe2+ 47.Kg1 
Qg4 0-1

[Event "Xtracon Chess Open 2018"]
[Site "Elsinore"]
[Date "2018.07.25"]
[Round "6"]
[White "Hagen, Andreas Skytte"]
[Black "Skousen, Nikolai"]
[Result "1/2-1/2"]
[WhiteElo "2383"]
[BlackElo "2203"]
[EventDate "2018.07.21"]
[WhiteFideId "1407341"]
[BlackFideId "1401432"]

1.e4 c5 2.Nf3 g6 3.d4 cxd4 4.Nxd4 Nc6 5.c4 Nf6 6.Nc3 d6 7.Be2 Nxd4 8.Qxd4 
Bg7 9.Be3 O-O 10.Qd2 a5 11.f3 a4 12.Kf2 Qa5 13.Rac1 Be6 14.Nd5 Bxd5 15.
Qxa5 Rxa5 16.cxd5 Nd7 17.Rc7 Nc5 18.Rb1 Rb8 19.b4 axb3 20.axb3 Ra2 21.Kf1 
b6 22.b4 Na4 23.Rbc1 h5 24.Bb5 Bf6 25.R1c2 Ra3 26.Bd2 Nb2 27.Ke2 Na4 28.
Ke1 Nb2 29.Ke2 Na4 30.Rc1 Kg7 31.R1c2 g5 32.Ke1 Nb2 33.Bxg5 Bxg5 34.Rxb2 
Bf6 35.Rbc2 Rb3 36.R7c4 Ra8 37.Bd7 Ra1+ 38.Kf2 h4 39.f4 b5 40.Bxb5 Rab1 
41.Bd7 Rxb4 42.Rxb4 Rxb4 43.Kf3 Rb3+ 44.Kg4 Re3 45.Kf5 Re1 46.Bb5 Rb1 47.
Be2 Rb2 48.Rxb2 Bxb2 49.e5 dxe5 50.fxe5 Bc3 51.d6 exd6 52.exd6 Kf8 53.Bb5 
Bd4 54.Ke4 Bg1 55.h3 Bh2 56.Kd5 Bg3 57.Kc6 Bf4 58.Kd7 Bg3 59.Bc6 Bf4 60.
Bd5 f6 61.Bf3 Bd2 62.Bh5 Ba5 63.Ke6 Bd8 64.Kf5 Kg7 65.Kg4 f5+ 66.Kxf5 Kf8 
67.Kg4 Kg7 68.Be8 Kf8 69.Bc6 Kg7 70.Kf5 Kf8 71.Kg6 Kg8 72.Bd5+ Kf8 73.Bf7 
Ba5 74.Kf6 Bd8+ 75.Ke6 Ba5 76.Bh5 Bd8 77.Kd7 Ba5 78.Kc8 Bb6 79.Bf3 Ba5 80.
Kd7 Bb6 81.Ke6 Bd8 82.Bd5 Ba5 83.Kf6 Bd8+ 84.Kg6 Ke8 85.Be6 Kf8 86.Kh6 Ba5
87.Bd5 Bd8 88.Be6 Ba5 89.Kg5 Bd8+ 90.Kg4 Kg7 91.Bc4 Kf8 92.g3 hxg3 93.Kxg3
Kg7 94.Kf4 Kh8 95.Kf5 Kg7 96.Ke6 Bh4 97.Kd7 Bg5 98.Ke8 Bh4 99.d7 Bg5 100.
d8=Q Bxd8 101.Kxd8 Kh8 102.h4 Kg7 103.Ke7 Kh8 104.Kf6 Kh7 105.h5 Kh8 106.
h6 Kh7 107.Kg5 Kh8 108.Bd3 Kg8 109.Kg6 Kh8 110.h7 1/2-1/2

[Event "Xtracon Chess Open 2018"]
[Site "Elsinore"]
[Date "2018.07.25"]
[Round "6"]
[White "Aabling-Thomsen, Jakob"]
[Black "Tiarks, Jann-Christian"]
[Result "1-0"]
[WhiteElo "2379"]
[BlackElo "2179"]
[EventDate "2018.07.21"]
[WhiteFideId "1407589"]
[BlackFideId "12951595"]

1.e4 c5 2.Nf3 e6 3.g3 Nc6 4.Bg2 Qc7 5.O-O Nf6 6.Re1 d6 7.c3 Be7 8.d4 cxd4 
9.cxd4 O-O 10.Nc3 e5 11.h3 Qb6 12.d5 Nb8 13.Qe2 Bd7 14.Be3 Qa5 15.a3 Rc8 
16.Rec1 Na6 17.b4 Qd8 18.Nd2 Nc7 19.Nb3 Qe8 20.Bf1 a6 21.a4 b5 22.a5 Qf8 
23.Qf3 Nfe8 24.g4 g6 25.Bd3 Ng7 26.Qg2 g5 27.f3 Rab8 28.Qd2 f6 29.h4 h6 
30.Kg2 Qf7 31.Rh1 Qg6 32.Rh2 Kf7 33.Rah1 Rh8 34.Ne2 Rbc8 35.Ng3 Nge8 36.
Kf1 Na8 37.Ke1 Nec7 38.Na1 Rh7 39.Nc2 Rch8 40.Bf2 Ke8 41.Ne3 Kd8 42.Qc2 
Ne8 43.Ke2 Ng7 44.Nef5 Nxf5 45.exf5 Qg8 46.Be4 Ke8 47.Qd2 Kf7 48.Qe3 Kg7 
49.Qa7 Qc8 50.Be3 Qc7 51.hxg5 Qxa7 52.gxf6+ Bxf6 53.Bxa7 Nc7 54.Nh5+ Kf7 
55.Nxf6 Kxf6 56.Be3 Kg7 57.f6+ Kxf6 58.Bxh7 Rxh7 59.Rxh6+ Rxh6 60.Rxh6+ 
1-0

[Event "Xtracon Chess Open 2018"]
[Site "Elsinore"]
[Date "2018.07.25"]
[Round "6"]
[White "Ingvason, Johann"]
[Black "Haubro, Martin"]
[Result "0-1"]
[WhiteElo "2189"]
[BlackElo "2373"]
[EventDate "2018.07.21"]
[WhiteFideId "2301431"]
[BlackFideId "1414291"]

1.e4 e5 2.Nf3 Nc6 3.d4 exd4 4.Bc4 Nf6 5.e5 d5 6.Bb5 Nd7 7.O-O Be7 8.Re1 
O-O 9.Bxc6 bxc6 10.Nxd4 Nb8 11.Qh5 c5 12.Nf5 Bxf5 13.Qxf5 Nc6 14.c3 Rb8 
15.Nd2 Qc8 16.Qf3 Qe6 17.Qe2 Rfd8 18.f4 f6 19.Nf3 d4 20.h3 a5 21.Qe4 f5 
22.Qc2 Kh8 23.Kh2 Rb6 24.Rd1 g6 25.b3 Qd5 26.c4 Qe6 27.Qe2 a4 28.bxa4 Ra8 
29.Bd2 Rxa4 30.Be1 Qxc4 31.Qf2 Rba6 32.g4 Rxa2 33.Rxa2 Rxa2 34.Rd2 Ra3 35.
gxf5 Qb3 36.Ng1 gxf5 37.Qg2 Qe6 38.Nf3 Qd5 39.Rf2 Ra8 40.Qf1 c4 41.Rg2 Rg8
42.Rxg8+ Kxg8 43.Qg1+ Kf8 44.Ng5 Qg8 45.Qg2 Qg6 46.Qd5 Bxg5 47.fxg5 Ke7 
48.Qxc4 Qe6 49.Qc5+ Kd7 50.Bg3 Qa2+ 51.Kg1 d3 52.Bf4 Qb1+ 53.Kg2 Qc2+ 54.
Qf2 Ke6 55.Bd2 Nxe5 56.Qe3 Qd1 57.Bc3 Qe2+ 58.Qxe2 dxe2 59.Kf2 e1=Q+ 60.
Kxe1 Nf3+ 61.Ke2 Nxg5 62.h4 Ne4 63.Bb2 c5 64.Ke3 c4 65.Kd4 c3 66.Bc1 Kf6 
67.Bf4 Kg6 68.Ke5 Kh5 69.Be3 Kg4 70.h5 Ng3 71.h6 c2 72.Kf6 f4 73.Bd2 0-1

[Event "Xtracon Chess Open 2018"]
[Site "Elsinore"]
[Date "2018.07.25"]
[Round "6"]
[White "Pantzar, Milton"]
[Black "Liu, Manli"]
[Result "1/2-1/2"]
[WhiteElo "2333"]
[BlackElo "2167"]
[EventDate "2018.07.21"]
[WhiteFideId "1721003"]
[BlackFideId "8608121"]

1.e4 c5 2.Nf3 Nc6 3.d4 cxd4 4.Nxd4 g6 5.c4 Bg7 6.Be3 Nf6 7.Nc3 O-O 8.Be2 
d6 9.O-O Bd7 10.h3 Nxd4 11.Bxd4 Bc6 12.Qc2 Qc7 13.b4 b5 14.Rac1 bxc4 15.
Bxc4 Rac8 16.Qe2 Qb8 17.b5 Ba8 18.Nd5 Rfe8 19.Bxf6 Bxf6 20.Nxf6+ exf6 21.
Qg4 f5 22.exf5 Re4 23.Bxf7+ Kf8 24.Qg5 Kxf7 25.Qh6 Rg8 26.Qxh7+ Rg7 27.
fxg6+ Kf6 28.Qh5 Rxg6 29.f3 Re2 30.Qh4+ Kg7 31.Qd4+ Kh7 32.Qh4+ Kg7 33.
Qd4+ Kh7 1/2-1/2

[Event "Xtracon Chess Open 2018"]
[Site "Elsinore"]
[Date "2018.07.25"]
[Round "6"]
[White "Hinrichs, Lars"]
[Black "Chittka, Julius"]
[Result "0-1"]
[WhiteElo "2185"]
[BlackElo "2333"]
[EventDate "2018.07.21"]
[WhiteFideId "12921769"]
[BlackFideId "12954772"]

1.e4 c5 2.Nf3 Nc6 3.b4 Nxb4 4.c3 Nc6 5.d4 d5 6.exd5 Qxd5 7.Na3 Bg4 8.Bc4 
Qe4+ 9.Be2 e6 10.O-O Nf6 11.Nb5 Rc8 12.dxc5 Bxc5 13.Qd6 Bxd6 14.Nxd6+ Ke7 
15.Nxe4 Nxe4 16.Ba3+ Kf6 17.c4 e5 18.Rfe1 Nc3 19.Bb2 Nxe2+ 20.Rxe2 Bxf3 
21.gxf3 g5 22.Rae1 Rhe8 23.Re4 Kf5 24.Kg2 Rcd8 25.Bc1 Re6 26.Be3 Red6 27.
Rb1 R8d7 0-1

[Event "Xtracon Chess Open 2018"]
[Site "Elsinore"]
[Date "2018.07.25"]
[Round "6"]
[White "Nielsen, Andre"]
[Black "Taylor, Adam C"]
[Result "1/2-1/2"]
[WhiteElo "2178"]
[BlackElo "2326"]
[EventDate "2018.07.21"]
[WhiteFideId "1518240"]
[BlackFideId "424668"]

1.e4 e5 2.Bc4 Nf6 3.Nc3 Bc5 4.d3 Nc6 5.f4 d6 6.Nf3 a6 7.Qe2 Bg4 8.Be3 exf4
9.Bxc5 dxc5 10.Qd2 Qd6 11.O-O Bxf3 12.gxf3 Ne5 13.Qxf4 Nxc4 14.Qxd6 Nxd6 
15.e5 Nh5 16.exd6 cxd6 17.Nd5 O-O-O 18.Rfe1 Rhe8 19.Re4 Re5 20.c4 Rde8 21.
Rae1 f5 22.Rxe5 dxe5 23.f4 e4 24.dxe4 fxe4 25.Kf2 Nf6 26.Nxf6 gxf6 27.Rd1 
Kc7 28.Rd5 e3+ 29.Ke2 Kc6 30.Rh5 Re4 31.Rxh7 Rxf4 32.Kxe3 Rxc4 33.Rh6 Kb5 
34.Rxf6 Ra4 35.a3 Rh4 36.Rf2 c4 37.Kf3 Ka4 38.Kg3 Rh8 39.Rf3 Rg8+ 40.Kf2 
Rd8 41.Ke2 Rh8 42.h3 b5 43.Kd2 a5 44.Rc3 Rg8 45.Kc2 Rg2+ 46.Kc1 Rh2 47.Kb1
Rf2 48.Ka2 Rf4 49.Rc2 Rf3 50.Rc3 Rf1 51.Rg3 Rh1 52.Rc3 Re1 53.Rc2 Re3 54.
Rc3 Re4 55.Rc2 Re1 56.Rc3 Rh1 57.Rg3 Rc1 58.Rg4 Rc2 59.h4 Rh2 60.h5 b4 
1/2-1/2

[Event "Xtracon Chess Open 2018"]
[Site "Elsinore"]
[Date "2018.07.25"]
[Round "6"]
[White "Kunz, Andre"]
[Black "Jacobsen, Mikkel Manosri"]
[Result "0-1"]
[WhiteElo "2158"]
[BlackElo "2320"]
[EventDate "2018.07.21"]
[WhiteFideId "24623652"]
[BlackFideId "1444514"]

1.e4 c6 2.d4 d5 3.exd5 cxd5 4.c4 Nf6 5.Nc3 Nc6 6.Nf3 g6 7.cxd5 Nxd5 8.Qb3 
Nxc3 9.Bc4 Nd5 10.Bxd5 e6 11.Bc4 Bg7 12.d5 exd5 13.Bxd5 O-O 14.Bxc6 bxc6 
15.O-O Be6 16.Qa3 Qb6 17.b3 Bxa1 18.Be3 Qd8 19.Rxa1 Bd5 20.Qb2 f6 21.Rc1 
Qd7 22.Ne1 Rae8 23.Qd4 Re4 24.Qxa7 Qxa7 25.Bxa7 Ra8 26.Bc5 Rxa2 27.b4 Rb2 
28.g3 g5 29.Ng2 Ree2 30.h4 h6 31.hxg5 hxg5 32.Ra1 Kf7 33.Ra7+ Kg6 34.Ra1 
Kh5 35.Rd1 Red2 36.Rf1 Be4 37.Re1 Re2 38.Rd1 f5 39.Rc1 Kg4 40.Ne3+ Kh3 41.
Nf1 Rb1 42.Rxb1 Bxb1 43.Be3 Re1 44.Bd2 Rd1 0-1

[Event "Xtracon Chess Open 2018"]
[Site "Elsinore"]
[Date "2018.07.25"]
[Round "6"]
[White "Hobber, Anders"]
[Black "Vesterli, Michael E."]
[Result "1/2-1/2"]
[WhiteElo "2312"]
[BlackElo "2159"]
[EventDate "2018.07.21"]
[WhiteFideId "1505424"]
[BlackFideId "1417339"]

1.d4 g6 2.e4 Bg7 3.Nf3 d6 4.Bc4 e6 5.O-O b6 6.Re1 Ne7 7.Nbd2 Bb7 8.Bb3 Nd7
9.Nf1 O-O 10.Ng3 h6 11.c3 Nf6 12.Qe2 Qc8 13.e5 dxe5 14.dxe5 Nd7 15.Ne4 Kh7
16.Bf4 Nc6 17.Ng3 Nc5 18.Bc2 Ba6 19.Qe3 Ne7 20.Rad1 Nd5 21.Rxd5 exd5 22.
Nh5 Rh8 23.Nxg7 Kxg7 24.e6 Nxe6 25.Be5+ Kh7 26.Bxh8 Qxh8 27.Ne5 Ng5 28.h4 
Ne4 29.Bxe4 dxe4 30.Qxe4 Re8 31.h5 Qg7 32.hxg6+ fxg6 33.f4 Bc8 34.Rd1 a5 
35.Qc6 1/2-1/2

[Event "Xtracon Chess Open 2018"]
[Site "Elsinore"]
[Date "2018.07.25"]
[Round "6"]
[White "Petersson, Baldur Teodor"]
[Black "Rydstrom, Tom"]
[Result "0-1"]
[WhiteElo "2153"]
[BlackElo "2307"]
[EventDate "2018.07.21"]
[WhiteFideId "2309157"]
[BlackFideId "1714830"]

1.e4 c5 2.Nf3 e6 3.d3 Nc6 4.g3 g6 5.Bg2 Bg7 6.c3 Nge7 7.O-O O-O 8.Be3 b6 
9.d4 cxd4 10.cxd4 d5 11.e5 Bd7 12.Nc3 Rc8 13.Qd2 Nf5 14.Bf4 f6 15.g4 fxe5 
16.dxe5 Nh4 17.Nxh4 Qxh4 18.Nxd5 exd5 19.Qxd5+ Kh8 20.Qxd7 Nxe5 21.Bxe5 
Bxe5 22.h3 Rc2 23.Qd5 Bg7 24.Rac1 Rxb2 25.Kh1 a5 26.Rb1 Rd8 27.Qf7 Rxb1 
28.Rxb1 Qg5 29.Re1 Rf8 30.Re8 Qc1+ 31.Kh2 Be5+ 0-1

[Event "Xtracon Chess Open 2018"]
[Site "Elsinore"]
[Date "2018.07.25"]
[Round "6"]
[White "Tryggestad, Andreas Garberg"]
[Black "Nilssen, Ellen Fredericia"]
[Result "1-0"]
[WhiteElo "2302"]
[BlackElo "2152"]
[EventDate "2018.07.21"]
[WhiteFideId "1513338"]
[BlackFideId "1441230"]

1.d4 Nf6 2.c4 g6 3.Nc3 d5 4.cxd5 Nxd5 5.e4 Nxc3 6.bxc3 Bg7 7.Qa4+ Nd7 8.
Nf3 c5 9.Be2 O-O 10.O-O cxd4 11.cxd4 Nc5 12.dxc5 Bxa1 13.e5 Bc3 14.Bh6 Qc7
15.Bxf8 Kxf8 16.Qf4 Be6 17.Qe3 Bb4 18.Qh6+ Kg8 19.Ng5 Qxe5 20.Qxh7+ Kf8 
21.Nxe6+ fxe6 22.Qxg6 Bxc5 23.Qh6+ Kg8 24.Bg4 Kf7 25.Bh5+ Kg8 26.Qg6+ Qg7 
27.Qxe6+ Kh8 28.Bf3 Rb8 29.Bxb7 Qg5 30.Be4 Rd8 31.Qh3+ Kg7 32.Qh7+ Kf6 33.
h4 Qf4 34.Qg6+ Ke5 35.Bf3 Bb4 36.a3 Ba5 37.Rb1 Bb6 38.Rb5+ Rd5 39.Rxd5# 
1-0

[Event "Xtracon Chess Open 2018"]
[Site "Elsinore"]
[Date "2018.07.25"]
[Round "6"]
[White "Ingebretsen, Jens E"]
[Black "Thogersen, Rasmus"]
[Result "1-0"]
[WhiteElo "2138"]
[BlackElo "2297"]
[EventDate "2018.07.21"]
[WhiteFideId "1522965"]
[BlackFideId "1431412"]

1.d4 Nf6 2.Bg5 Ne4 3.Bf4 d5 4.f3 Nd6 5.Nc3 e6 6.e4 c6 7.Qd2 b5 8.Nh3 Nc4 
9.Bxc4 bxc4 10.O-O Be7 11.Qf2 Nd7 1-0

[Event "Xtracon Chess Open 2018"]
[Site "Elsinore"]
[Date "2018.07.25"]
[Round "6"]
[White "Goff, Ronan Le"]
[Black "Thuesen, Mogens"]
[Result "1-0"]
[WhiteElo "2295"]
[BlackElo "2139"]
[EventDate "2018.07.21"]
[WhiteFideId "612073"]
[BlackFideId "1400878"]

1.d4 Nf6 2.Nf3 g6 3.Nc3 d5 4.Bf4 Bg7 5.Nb5 Na6 6.e3 O-O 7.h3 c5 8.c3 Bf5 
9.Be2 Qb6 10.a4 c4 11.O-O Rfc8 12.b3 cxb3 13.Qxb3 Nb8 14.c4 Nc6 15.c5 Qd8 
16.Nc3 b6 17.Ba6 Na5 18.Qa2 Rc6 19.Ne5 Re6 20.cxb6 Rxb6 21.Be2 Rc8 22.g4 
Bxg4 23.hxg4 Rxc3 24.Rac1 Ne4 25.Bf3 Nb3 26.Rxc3 Nxc3 27.Qc2 Nxa4 28.Nxf7 
Qf8 29.Bxd5 Nxd4 30.Nh6+ Kh8 31.exd4 e6 32.Qxa4 exd5 33.Be5 Bxe5 34.dxe5 
Qxh6 35.Qe8+ Kg7 36.Qd7+ Kh8 37.e6 1-0

[Event "Xtracon Chess Open 2018"]
[Site "Elsinore"]
[Date "2018.07.25"]
[Round "6"]
[White "Rewitz, Poul"]
[Black "Petersen, Peter Birk"]
[Result "1/2-1/2"]
[WhiteElo "2289"]
[BlackElo "2128"]
[EventDate "2018.07.21"]
[WhiteFideId "1401033"]
[BlackFideId "1401696"]

1.d4 Nf6 2.Bg5 c5 3.d5 Ne4 4.Bf4 Qb6 5.Nd2 Qxb2 6.Nxe4 Qb4+ 7.c3 Qxe4 8.e3
e6 9.c4 Be7 10.Nf3 exd5 11.Rc1 d6 12.Bd3 Qe6 13.cxd5 Qd7 14.Qc2 Qd8 15.O-O
h6 16.Nd4 O-O 17.Bh7+ Kh8 18.Bf5 Na6 19.Bxc8 Rxc8 20.Nf5 Nb4 21.Qe4 Bf6 
22.Nxd6 Nxa2 23.Nxb7 Qb6 24.Rb1 Qa6 25.Qf5 Nc3 26.Nd6 Nxb1 27.Rxb1 Rcd8 
28.Nb5 Qa2 29.d6 Qe6 30.Qxc5 a6 31.Nc7 Qe4 32.Rd1 Qa4 33.Rc1 Bb2 34.Qc2 
Qxc2 35.Rxc2 Ba3 36.Rc6 a5 37.g4 Rb8 38.Kg2 Rb1 39.e4 f6 40.Ne6 Rg8 41.Ra6
Rd1 42.Kf3 Re8 43.Nc7 Rd8 44.Nd5 a4 45.Ne3 R1xd6 46.Bxd6 Bxd6 47.h4 a3 48.
Nd5 Bc5 49.h5 Kg8 50.Ke2 Rd7 51.Ra5 Ra7 52.Rxc5 a2 53.Rc1 a1=Q 1/2-1/2

[Event "Xtracon Chess Open 2018"]
[Site "Elsinore"]
[Date "2018.07.25"]
[Round "6"]
[White "Skjoldager, Per"]
[Black "Hoi, Carsten"]
[Result "0-1"]
[WhiteElo "2104"]
[BlackElo "2389"]
[EventDate "2018.07.21"]
[WhiteFideId "1408828"]
[BlackFideId "1400100"]

1.e4 g6 2.Nf3 d6 3.d4 Bg7 4.Nc3 Nf6 5.Be2 O-O 6.O-O Bg4 7.Be3 Nc6 8.d5 
Bxf3 9.Bxf3 Ne5 10.Be2 c6 11.a4 Qa5 12.f4 Ned7 13.Rb1 Qb4 14.dxc6 bxc6 15.
Bf3 Rfd8 16.Qd4 Nd5 17.Qxb4 Nxb4 18.Rf2 Nb6 19.Re2 e6 20.Nd1 d5 21.c3 dxe4
22.Bxe4 N4d5 23.Bxd5 cxd5 24.Kf2 Nxa4 25.Ra1 Nb6 26.Kf3 d4 27.cxd4 Nc4 28.
Ra4 Nxe3 29.Kxe3 Rd7 30.Nc3 Rad8 31.Rd2 e5 32.Ne2 exd4+ 33.Nxd4 Re8+ 34.
Kf3 Rb8 35.g3 f5 36.Ke2 Re8+ 37.Kf3 Re4 38.Nxf5 gxf5 0-1

[Event "Xtracon Chess Open 2018"]
[Site "Elsinore"]
[Date "2018.07.25"]
[Round "6"]
[White "Nielsen, Viktor Haarmark"]
[Black "Petersen, Steen"]
[Result "1/2-1/2"]
[WhiteElo "2332"]
[BlackElo "2111"]
[EventDate "2018.07.21"]
[WhiteFideId "1444492"]
[BlackFideId "1402706"]

1.e4 e5 2.Nf3 Nc6 3.Bb5 a6 4.Ba4 Nf6 5.O-O Be7 6.d3 b5 7.Bb3 d6 8.a4 Bd7 
9.Nc3 b4 10.Ne2 Bg4 11.Ng5 O-O 12.f3 Bd7 13.f4 Na5 14.Ba2 c5 15.Ng3 b3 16.
cxb3 Qb6 17.Kh1 Rab8 18.b4 cxb4 19.d4 b3 20.fxe5 dxe5 21.Bb1 Qxd4 22.Qxd4 
exd4 23.e5 Ng4 24.Bxh7+ Kh8 25.Bf5 Bxf5 26.Rxf5 g6 27.Rf4 Bxg5 28.Rxg4 
Bxc1 29.Rxc1 Rbc8 30.Rf1 d3 31.Rd4 Rfd8 32.Rxd8+ Rxd8 33.Ne4 Rd4 34.Nc3 
Nc4 35.Kg1 Nxe5 36.Kf2 Rf4+ 37.Ke1 d2+ 38.Ke2 Rxf1 39.Kxf1 Nd3 40.Nd1 Nc5 
41.Ke2 Nxa4 42.Kxd2 Kg7 43.Kd3 1/2-1/2

[Event "Xtracon Chess Open 2018"]
[Site "Elsinore"]
[Date "2018.07.25"]
[Round "6"]
[White "Dauth, Benjamin"]
[Black "Koellner, Christof"]
[Result "1/2-1/2"]
[WhiteElo "2325"]
[BlackElo "2105"]
[EventDate "2018.07.21"]
[WhiteFideId "4688104"]
[BlackFideId "4635787"]

1.e4 e5 2.Bc4 Nc6 3.Nf3 Bc5 4.O-O Nf6 5.d3 d6 6.h3 a6 7.c3 O-O 8.b4 Ba7 9.
a4 Be6 10.Nbd2 Bxc4 11.Nxc4 Ne7 12.Nh4 h6 13.Qf3 Nh7 14.Qg3 g5 15.Ne3 Bxe3
16.fxe3 Kh8 17.Nf3 Qd7 18.Qe1 a5 19.b5 f5 20.exf5 Qxf5 21.e4 Qe6 22.Kh2 
Ng6 23.g3 Rf7 24.Be3 Raf8 25.Nd2 Rxf1 26.Nxf1 Qb3 27.Qc1 Qe6 28.Qd1 Nf6 
29.Nd2 b6 30.Qb3 Qxb3 31.Nxb3 d5 32.Kg2 dxe4 33.dxe4 Nxe4 34.Rc1 Ne7 35.c4
Rd8 36.Kf3 Nf6 37.g4 Rd3 38.Nd2 Ra3 39.Ne4 Kg7 40.Nc3 Kf7 41.Ke2 Rb3 42.
Rc2 Ke6 43.Kd3 Ng6 44.Rg2 Nf4+ 45.Bxf4 gxf4 46.Rc2 Kd6 47.Re2 f3 48.Rc2 f2
49.Ke2 Kc5 50.Kf1 Kd4 51.Rxf2 Rxc3 52.Rxf6 Rxh3 53.Rc6 Rf3+ 54.Ke2 Rf7 55.
Rxh6 Kxc4 56.g5 Rg7 57.Rh4+ Kd5 58.Rg4 Ke6 59.Kf3 Kf5 60.Rc4 Rd7 61.g6 
Kxg6 62.Ke4 Kf6 63.Rc6+ Rd6 64.Rxc7 Rd4+ 65.Ke3 Rxa4 66.Rc6+ Kf5 67.Rxb6 
Ra3+ 68.Kd2 e4 69.Rb8 e3+ 70.Ke2 Ke4 71.Re8+ Kd4 72.Rd8+ Ke4 73.Re8+ Kd4 
74.Rd8+ Kc5 75.Rb8 Rb3 76.b6 Rxb6 77.Rxb6 1/2-1/2